000 00455nam a2200181Ia 4500
001 10942
005 20260306161909.0
008 260306t1959||||xx |||||||||||||| ||spa||
041 _aESP
082 _a983
_bR24
100 _aCotler, Julio, 1932-
_eAUT
245 0 _aLos cambios de la propiedad, la comunidad y la familia en san lorenzo de Quinti
260 _c1959
300 _a
_c
650 _aGEN
654 _aCHU
942 _cLIB
_dJUS
_fJUS
_2ddc
_n
999 _c10942
_d10942